Essentials of electrical and computer engineering / (رقم التسجيلة. 22421)

تفاصيل مارك
000 -الفاتح
حقل البيانات ثابتة الطول 00836pam a22002654a 4500
001 - رقم الضبط
رقم الضبط 53361305
003 - محدد رقم الضبط
رقم الضبط OSt
005 - وقت وتاريخ اخر تعامل مع التسجيلة
رقم الضبط 20150408114027.0
008 - عناصر البيانات ثابتة الطول - معلومات عامة
حقل البيانات ثابتة الطول 031028s2004 njua 001 0 eng
010 ## - رقم ضبط مكتبة الكونجرس
رقم ضبط مكتبة الكونجرس 2003023688
020 ## - الرقم الدولى المعيارى للكتب
الرقم الدولى المعيارى للكتاب 0139239707
040 ## - مصدر الفهرسة
وكالة الفهرسة الأصلية DLC
وكالة النسخ DLC
وكالة التعديل YDX
-- CIN
042 ## - رمز التحقق
رمز التحقق pcc
050 00 - رقم طلب مكتبة الكونجرس
رقم التصنيف TK146
رقم المادة .K43 2004
082 00 - رقم تصنيف ديوى العشرى
رقم التصنيف 621.3
رقم الطبعة 22
100 1# - المدخل الرئيسى - إسم شخصى
الإسم الشخصى Kerns, David V.
9 (RLIN) 11724
245 10 - بيان العنوان
العنوان Essentials of electrical and computer engineering /
بيان المسئوليه,etc David V. Kerns, Jr., J. David Irwin.
260 ## - PUBLICATION, DISTRIBUTION, ETC. (IMPRINT)
مكان الناشر او الموزع Upper Saddle River, NJ :
اسم الناشر او الموزع Pearson Prentice Hall,
تاريخ النشر أو التوزيع c2004.
300 ## - الوصف المادى
التعداد xviii, 654 p. :
تفاصيل ماديه اخرى للوعاء ill. ;
أبعاد الوعاء 24 cm. +
المادة المصاحبة 3 bound-in reference cards.
500 ## - تبصرة عامة
تبصرة عامة Includes index.
650 #0 - المدخل الاضافى بالموضوع-مصطلح موضوعى
مصطلح موضوعي أو اسم جغرافي كعنصر مدخل Electrical engineering.
9 (RLIN) 9768
650 #0 - المدخل الاضافى بالموضوع-مصطلح موضوعى
مصطلح موضوعي أو اسم جغرافي كعنصر مدخل Computer engineering.
9 (RLIN) 11725
700 1# - المدخل الاضافى - اسم شخصى
الإسم الشخصى Irwin, J. David,
التواريخ المصاحبة للاسم 1939-
9 (RLIN) 11726
942 ## - عناصر المدخل الإضافي( كوها)
مصدر التصنيف او مخطط الترفيف Dewey Decimal Classification
Koha [default] item type كتاب
المقتنيات
حالة الفقد نموذج السعر الفعال حالة تلف ليس للاعارة رقم الطلب تاريخ الاكتساب الموقع الحالي الباركود الفرع الرئيسي Date last seen نوع المادة فى نظام كوها مصدر التصنيف او خطة الترفيف Total Checkouts
  2013-03-10     621.3 K D E 2012-04-20 المكتبة المركزية بالمجمعة (CL) 00084355 المكتبة المركزية بالمجمعة (CL) 2013-03-10 كتاب Dewey Decimal Classification  
  2013-03-10     621.3 K D E 2012-04-20 المكتبة المركزية بالمجمعة (CL) 00084356 المكتبة المركزية بالمجمعة (CL) 2013-03-10 كتاب Dewey Decimal Classification